Radyolojiye giriş: radyolojik görüntüler nasıl oluşur ve ne işe yarar?/ (Record no. 68018)
| 000 -BAŞLIK | |
|---|---|
| Sabit Uzunluktaki Kontrol Alanı | 00975nam a22003257a 4500 |
| 001 - KONTROL NUMARASI | |
| Control Dosyası | 0067465 |
| 003 - KONTROL NUMARASI KİMLİĞİ | |
| Kontrol Alanı | KOHA_MİRAKIL |
| 005 - EN SON İŞLEM TARİHİ ve ZAMANI | |
| Kontrol Alanı | 20260207004716.0 |
| 007 - FİZİKSEL TANIM SABİT ALAN - GENEL BİLGİ | |
| Sabit uzunluklu kontrol alanı | ta |
| 008 - SABİT UZUNLUKTAKİ VERİ ÖGELERİ - GENEL BİLGİ | |
| Sabit Alan | 220817b2009 tu |||gr||||#0|||0|tur | |
| 020 ## - ISBN - ULUSLARARASI STANDART KİTAP NUMARASI | |
| Isbn | 9789756149454 |
| 040 ## - KATALOGLAMA KAYNAĞI | |
| Özgün Kataloglama Kurumu | TR-BiSEU |
| Kataloglama Dili | tur |
| Çeviri Kurumu | TR-BiSEU |
| Açıklama Kuralları | rda |
| 041 0# - DİL KODU | |
| Metin ya da ses kaydının dil kodu | tur |
| 044 ## - YAYINLAYAN/ÜRETEN KURULUŞUN ÜLKE KODU | |
| ISO country code | tu |
| 050 ## - SINIFLAMA ve YER NUMARASI | |
| Sınıflama Numarası | R895 |
| Yer Numarası | .T86 2009 |
| 100 1# - KİŞİ ADI | |
| Yazar Adı (Kişi adı) | Tuncel, Ercan. |
| 245 1# - ESER ADI BİLDİRİMİ | |
| Başlık | Radyolojiye giriş: radyolojik görüntüler nasıl oluşur ve ne işe yarar?/ |
| Sorumluluk Bildirimi | Ercan Tuncel ; Ercan Tuncel. |
| 264 #1 - ÜRERİM, YAYIN, DAĞITIM ve TELİF BİLDİRİMİ | |
| Yayın yeri | Bursa : |
| Yayınlayan | Uludağ Üniversitesi Yayınları |
| Yayın tarihi | 2009 |
| 300 ## - FİZİKSEL TANIMLAMA | |
| Sayfa, Cilt vb. | VIII, 224 sayfa: resim; 27 cm. |
| 336 ## - İÇERİK TÜRÜ | |
| Content type term | metin |
| Content type code | txt |
| Source | rdacontent |
| 337 ## - MEDYA TÜRÜ | |
| Media type term | aracısız |
| Media type code | n |
| Source | rdamedia |
| 338 ## - TAŞIYICI TÜRÜ | |
| Carrier type term | cilt |
| Carrier type code | nc |
| Source | rdacarrier |
| 500 ## - GENEL NOT | |
| Genel Not | Kaynakça ve dizin var. |
| 650 #0 - KONU BAŞLIĞI EK GİRİŞ - KONU TERİMİ | |
| Konusal terim veya coğrafi ad | Radyoloji. |
| 9 (RLIN) | 32969 |
| 650 #0 - KONU BAŞLIĞI EK GİRİŞ - KONU TERİMİ | |
| Konusal terim veya coğrafi ad | Tıbbi radyaloji. |
| 9 (RLIN) | 114609 |
| 650 #0 - KONU BAŞLIĞI EK GİRİŞ - KONU TERİMİ | |
| Konusal terim veya coğrafi ad | Radiology. |
| 9 (RLIN) | 80296 |
| 650 #0 - KONU BAŞLIĞI EK GİRİŞ - KONU TERİMİ | |
| Konusal terim veya coğrafi ad | Medical radiology. |
| 9 (RLIN) | 114608 |
| 907 ## - LOCAL DATA ELEMENT G, LDG (RLIN) | |
| a | Tıp |
| 942 ## - EK GİRİŞ ÖGELERİ (KOHA) | |
| Source of classification or shelving scheme | Library of Congress Classification |
| Koha item type | Book |
| Materyal Türü | Kalıcı Konum | Mevcut Konum | Sınıflandırma Kaynağı | Edinim Bilgisi | Ana Konular | Alt Konular | Yer Numarası | Demirbaş Numarası | Fatura Tarihi | Geri Çekilme Durumu | Kayıp Durumu | Hasarlı Durumu | Kredi için değil | Kayıt Tarih | Toplam Ödünçverme | Son Görülme Tarihi | Son Kontrol Tarihi | Genel / Bağış Notu |
|---|---|---|---|---|---|---|---|---|---|---|---|---|---|---|---|---|---|---|
| Book | BŞEÜ Osmaneli MYO Kütüphanesi | BŞEÜ Osmaneli MYO Kütüphanesi | Library of Congress Classification | Bağış | TIP | Tıp (Genel) | R895 .T86 2009 | 0067465 | 02/02/2026 | 09/08/2022 | 06/03/2025 | 06/03/2025 | Genel Bağış | |||||
| Book | BŞEÜ Osmaneli MYO Kütüphanesi | BŞEÜ Osmaneli MYO Kütüphanesi | Library of Congress Classification | Bağış | TIP | Tıp (Genel) | R895 .T86 2009 | 0067466 | 02/02/2026 | 09/08/2022 | 06/03/2025 | 06/03/2025 | Genel Bağış | |||||
| Book | BŞEÜ Söğüt MYO Kütüphanesi | BŞEÜ Söğüt MYO Kütüphanesi | Library of Congress Classification | Bağış | TIP | Tıp (Genel) | R895 .T86 2009 | 0067690 | 02/02/2026 | 17/08/2022 | 06/03/2025 | 06/03/2025 | Genel Bağış |
